000 00601nam a22002417a 4500
003 LK-CoDNM
005 20241120142153.0
008 241015b |||||||| |||| 00| 0 eng d
040 _aLK-CoDNM
_dLK-CoDNM
_eLK-CoDNM
041 _aeng
080 _aPM
_bE2.3
100 _a
245 _aThe Maha Bodhi-1932 ( Vol.40 )
_bNo.2
260 _aCulcutta
_bGouranga press
_c1932
300 _b46p. : ill ; 25 cm
500 _aMonthly magazine
650 _aThe Maha Bodhi-1932 ( Vol.40 )
650 _aNo.2
650 _aPM E2.3
650 _a1932
650 _aMonthly magazine
942 _cBK
999 _c231361
_d231361